Korupcia interdisciplinárne zborník príspevkov z konferencie Právo a ekonómia: výzvy a príležitosti, konanej 20. októbra 2017 na pôde Právnicej fakulty Univerzity Komenského v Bratislave
Salvato in:
| Enti autori: | , |
|---|---|
| Altri autori: | |
| Natura: | Libro |
| Lingua: | slovacco |
| Pubblicazione: |
Bratislava
Wolters Kluwer
2017
|
| Soggetti: | |
| Tags: |
Nessun Tag, puoi essere il primo ad aggiungerne!!
|
MARC
| LEADER | 00000nam a2200000 4500 | ||
|---|---|---|---|
| 001 | 0247841 | ||
| 005 | 20220804075548.3 | ||
| 020 | |a 978-80-8168-770-9 | ||
| 041 | 0 | |a slo | |
| 044 | |a SK | ||
| 245 | 1 | 0 | |a Korupcia interdisciplinárne |b zborník príspevkov z konferencie Právo a ekonómia: výzvy a príležitosti, konanej 20. októbra 2017 na pôde Právnicej fakulty Univerzity Komenského v Bratislave |c zostavil: Tomáš Gábriš |
| 264 | 1 | |a Bratislava |b Wolters Kluwer |c 2017 | |
| 300 | |a 294 s. | ||
| 610 | 2 | 0 | |a spoločnosť |
| 610 | 2 | 0 | |a korupcia |
| 610 | 2 | 0 | |a kriminalita |
| 610 | 2 | 0 | |a socializmus |
| 610 | 2 | 0 | |a dedičstvo |
| 610 | 2 | 0 | |a morálka |
| 610 | 2 | 0 | |a vývoj |
| 610 | 2 | 0 | |a história |
| 610 | 2 | 0 | |a opatrenia |
| 610 | 2 | 0 | |a právo trestné |
| 610 | 2 | 0 | |a správa verejná |
| 610 | 2 | 0 | |a rast hospodársky |
| 610 | 2 | 0 | |a prostredie podnikateľské |
| 610 | 2 | 0 | |a porovnanie medzinárodné |
| 610 | 2 | 0 | |a Slovensko |
| 610 | 2 | 0 | |a Česko |
| 700 | 1 | |a Gábriš, Tomáš | |
| 110 | 2 | |a Právo a ekonómia: výzvy a príležitosti. Konferencia | |
| 710 | 2 | |a Univerzita Komenského v Bratislave. Právnická fakulta | |